| 000 | 00696nam a22001697a 4500 | ||
|---|---|---|---|
| 008 | 110322t xxu||||| |||| 00| 0 eng d | ||
| 020 | _a9966996918 | ||
| 050 |
_aHN 980 _b.D57 2004 |
||
| 245 |
_aDisparities in developing countries : _bTypes, challenges and the way forward _cedited by Clara Momanyi, Nelson, H.W. Wawire |
||
| 260 |
_aNairobi _bATWS-Kenya Chapter _c2004 |
||
| 300 |
_axii,348p. _c30cm |
||
| 440 | _vVol.1 | ||
| 700 | _a Momanyi Clara......ed. | ||
| 700 | _aWawire,Nelson H......ed. | ||
| 942 |
_2lcc _cBK |
||
| 999 |
_c38095 _d38095 |
||